| 000 | 00739nam a22001937a 4500 | ||
|---|---|---|---|
| 999 |
_c169195 _d169195 |
||
| 005 | 20191107155914.0 | ||
| 010 | _aB-730888 | ||
| 020 |
_a9788181533418 _c60.00 |
||
| 035 | _aB-730888 | ||
| 037 |
_adpl _bRainbow Books |
||
| 082 | _a920 | ||
| 245 | _aRainbow Illustrated book of questions and answers :famous lives / | ||
| 260 |
_aDelhi _bRainbow Books _c2018 |
||
| 270 |
_aF-32, Street No.12, Parwana Road, Jagat Puri, _bDelhi _e110051 |
||
| 300 |
_a16p. _c29cm (pbk) _bcol. ill. |
||
| 490 | _aIllustrated book of questions and answers | ||
| 942 |
_2ddc _cCH _h920 _mRAI |
||